| 000 | 01795nam0a22002891 4500 | ||
|---|---|---|---|
| 001 | rc\3542725 | ||
| 005 | 20250610033951.0 | ||
| 021 |
_aRU _b[70-77414] |
||
| 035 | _a(NLR Aleph) 007670531 | ||
| 090 |
_a6429058 _c6429058 |
||
| 100 | _a20130115d1970 |||y0rusy50 ca | ||
| 101 | 0 | _arus | |
| 102 | _aRU | ||
| 105 | _ay z ||||| | ||
| 200 | 1 |
_aВопросы методики измерения производительности труда _eТезисы докладов _f[Ред. коллегия: канд. экон. наук А.И. Коросташ (отв. ред.) и др.] _gУкр. респ. совет науч.-техн. о-в. Гос. план. ком. Совета Министров УССР. М-во высш. и сред. спец. образования УССР. Ин-т экономики АН УССР. Науч.-исслед. экон. ин-т Госплана УССР. Киевский политехн. ин-т. [Респ. науч. экон. симпозиум] "Производительность труда и эффективность соц. производства" |
|
| 210 |
_aКиев _cБ. и. _d1970 |
||
| 215 |
_a30 с. _d20 |
||
| 606 |
_aПроизводительность труда _xИзмерение _jТезисы докладов _2psbo |
||
| 702 | 1 |
_aКоросташ _bА.И. _gАнатолий Иванович _4340 |
|
| 712 | 0 | 2 | _aУкраинский респ. совет. науч.-техн. о-в |
| 712 | 1 | 2 | _a"Производительность труда и эффективность соц. производства", укр. респ. науч. экон. симпозиум (1970; Киев) |
| 801 | 0 |
_aRU _bNLR _gpsbo |
|
| 801 | 1 |
_aRU _bELAR _2rusmarc |
|
| 852 |
_aNLR _j70-4/22882 |
||
| 942 | _cBOOK | ||
| 980 | _aNB | ||